Вып. IV и V; Построение районных электростанций

Bibliografiset tiedot
Parent link:Построение районных электростанций: пер. с 3-го нем. изд./ Г. Клингенберг. Вып. IV и V.— , 1927-
Muut tekijät: Поярков М. Ф. (переводчик), Аваев С. А. (редактор автор предисловия), Угримов Б. И.
Kieli:venäjä
Julkaistu: 1928
Aiheet:
Aineistotyyppi: MixedMaterials Kirja
KOHA link:https://koha.lib.tpu.ru/cgi-bin/koha/opac-detail.pl?biblionumber=324083

MARC

LEADER 00000nam2a2200000 4500
001 324083
005 20231102003632.0
010 |b 3000 экз. 
035 |a (RuTPU)RU\TPU\book\349672 
035 |a RU\TPU\book\349667 
090 |a 324083 
100 |a 20161107d1928 m y0rusy50 ca 
101 1 |a rus  |c ger 
102 |a RU 
105 |a af z 000zy 
200 0 |a Вып. IV и V  |f пер. М. Ф. Пояркова и С. А. Аваева ; под ред. и с доп. Б. И. Угримова 
210 |d 1928 
215 |a 228 c., [13] вкл. л.  |c ил. 
316 |5 63413507: М-133146  |a Владельческая подпись: "Бутаков" 
317 |5 63413507: М-133146  |a Поступила в НТБ в 1970 г. в составе книжного собрания профессора ТПИ И. Н. Бутакова 
461 1 |0 (RuTPU)RU\TPU\book\349666  |t Построение районных электростанций  |o пер. с 3-го нем. изд.  |f Г. Клингенберг  |v Вып. IV и V  |d 1927- 
516 1 |a Электрические станции 
606 1 |a Электрические станции  |x Постройка  |2 stltpush  |3 (RuTPU)RU\TPU\subj\27627  |9 51351 
610 1 |a примеры из практики 
610 1 |a строительство 
610 1 |a владельческая надпись 
610 1 |a библиотека И. Н. Бутакова 
675 |a 621.311.2:69  |v 4 
702 1 |a Поярков  |b М. Ф.  |4 730 
702 1 |a Аваев  |b С. А.  |4 730 
702 1 |a Угримов  |b Б. И.  |4 340  |4 080 
801 1 |a RU  |b 63413507  |c 20161107 
801 2 |a RU  |b 63413507  |c 20190911  |g RCR 
942 |c BK